000 02554cam a22005054i 4500
003 PE-LiUPU
005 20250731173340.0
008 150706s1995 miu rb 000 0 spa d
020 _a9780825416507
035 _a(Sirsi) i9780825416507
040 _aPE-LiUPU
_bspa
_cPE-LiUPU
_erda
049 _aPRUA
082 0 4 _a253
_bS21
_221
100 1 _aSanders, J. Oswald,
_eautor.
245 1 0 _aLiderazgo espirtiual :
_btotalmente actualizado incluye guía de estudio ideal para pequeños grupos /
_cJ. Oswald Sanders.
264 1 _aGrand Rapids, Michigan :
_bPortavoz,
_c[1995].
300 _a189 páginas ;
_c22 centímetros
336 _atext
_2rdacontent
337 _aunmediated
_2rdamedia
338 _avolume
_2rdacarrier
504 _aNotas bibliográficas al final de capítulos.
505 0 _aUna ambición honorable -- La búsqueda de líderes -- El principio maestro del Maestro -- Liderazgo natural y espiritual -- ¿Puede usted hacerse un líder -- Discernimiento de Pablo sobre el liderazgo? -- Discernimiento de Pedro sobre el liderazgo? -- Cualidades esenciales del liderazgo -- Por sobre todas las cosas -- La oración y el liderazgo -- El líder y el tiempo -- El líder y la lectura -- Cómo mejorar el liderazgo -- El costo del liderazgo -- Las responsabilidades del liderazgo -- Las pruebas del liderazgo.
526 _aSEG42
526 _aSEG41
526 _aSEG40
526 _aSEG39
526 _aP94
526 _aP87
526 _aP86
526 _aP85
526 _aP77
526 _aP76
526 _aP35
541 _g001-001102;
541 _g001-0020922;
650 0 4 _aLilderazgo cristiano.
910 _agl
_bjv
_cng
_d20090909
942 _2ddc
_cBOOK
949 _a253 S21
_wDEWEY
_c1
_i63391
_lCCODEBUL1
_mBUL
_p13.00
_r0
_sY
_tBOOK
_u2015-7-6
_xTEOLOGIA
_PP35
_0COMPRA
_o.STAFF. Colección General
949 _a253 S21
_wDEWEY
_c2
_i60286
_d2016-6-28
_e2016-6-26
_lCCODEBUL1
_mBUL
_n7
_p10.00
_r0
_sY
_tBOOK
_u2015-7-6
_xTEOLOGIA
_zUNKNOWN
_0COMPRA
_o.STAFF. Colección General
994 _aC0
_bPEPRU
596 _a1
999 _a253 S21
_wDEWEY
_c49745
_i63391
_d49745
_f2021-11-10
_g5
_lCCODEBUL1
_mBUL
_p13.00
_q1
_r0
_sY
_tBOOK
_u2015-7-6
_xTEOLOGIA
_PP35
_0COMPRA
_o.STAFF. Colección General
999 _a253 S21
_wDEWEY
_c2
_i60286
_d2018-8-27
_e2016-6-26
_f2021-11-10
_g5
_lCCODEBUL1
_mBUL
_n7
_p10.00
_q2
_r0
_sY
_tBOOK
_u2015-7-6
_xTEOLOGIA
_PP35
_0COMPRA
_o.STAFF. Colección Teología
980 _81
_gALBERTO SANCHEZ Responsable de Automatización